|
|
|
|
| LEADER |
00000cam a2200000 a 4500 |
| 001 |
vtls001345753 |
| 003 |
SK-MaSNL |
| 005 |
20260302070819.0 |
| 008 |
240318s1964 xr a f 00000 cze |
| 035 |
|
|
|a SNK000298989
|
| 040 |
|
|
|a SNK
|b slo
|c SNK
|e AACR2
|
| 041 |
1 |
|
|a cze
|h pol
|
| 044 |
|
|
|a xr
|c CZ
|
| 080 |
|
|
|a 62-413
|2 2001
|
| 080 |
|
|
|a (048.8)
|2 2011
|
| 100 |
1 |
|
|a Marciniak, Zdzislaw
|4 aut
|9 731727
|
| 240 |
1 |
0 |
|a Mechanika procesów tłoczenia blach
|l Česky
|
| 245 |
1 |
0 |
|a Teorie tváření plechů
|c Zdzislaw Marciniak ; [z polského originálu ...] přeložil Vševlad Jandura
|
| 250 |
|
|
|a Vyd. 1.
|
| 260 |
|
|
|a Praha
|b Státní nakladatelství technické literatury
|c 1964
|
| 300 |
|
|
|a 259 s.
|b obr., tab.
|c 24 cm
|
| 366 |
|
|
|e 1 550 výt.
|
| 490 |
1 |
|
|a Řada strojírenské literatury
|
| 500 |
|
|
|a Viazaná
|
| 500 |
|
|
|a Zoz. označení
|
| 504 |
|
|
|a Bibliogr.: s. 258-259
|
| 650 |
0 |
7 |
|a plechy
|2 SNKPH
|9 3521
|
| 650 |
0 |
7 |
|a tvárnenie
|2 SNKPH
|9 19489
|
| 655 |
|
7 |
|a monografie
|2 SNKPH
|9 70139
|
| 700 |
1 |
|
|a Jandura, Vševlad
|4 trl
|9 731728
|
| 830 |
|
0 |
|a Řada strojírenské literatury
|9 291387
|
| 852 |
|
|
|a Štátna vedecká knižnica v Banskej Bystrici
|
| 958 |
|
|
|a OND
|
| 999 |
|
|
|c 1149113
|d 1151043
|
| 952 |
|
|
|t P60, <04>, [BOOK], {604}
|a SNK
|b SNK
|y VYP
|7 0
|p 17A0166125
|o snkIC 36683
|0 0
|1 0
|4 0
|d 1998-10-20
|l 0
|r 2005-01-02 00:00:00
|w 2026-02-24
|
| 952 |
|
|
|t P60, <04>, [BOOK], {604}
|a SNK
|b SNK
|y VYP
|7 0
|p 17A0167484
|o snkIC 36683 D1
|0 0
|1 1
|4 0
|d 1998-11-05
|l 0
|r 2005-01-02 00:00:00
|w 2026-02-24
|